Konsolidovaná účtovná závierka I praktikum
Salvato in:
| Autore principale: | |
|---|---|
| Ente Autore: | |
| Altri autori: | , |
| Natura: | Libro |
| Lingua: | slovacco |
| Pubblicazione: |
Bratislava
Vydavateľstvo EKONÓM
2023
|
| Edizione: | 2. upravené vydanie |
| Soggetti: | |
| Tags: |
Nessun Tag, puoi essere il primo ad aggiungerne!!
|
MARC
| LEADER | 00000nam$a2200000$$$4500 | ||
|---|---|---|---|
| 001 | 0296469 | ||
| 005 | 20240502074509.4 | ||
| 020 | |a 978-80-225-5086-4 | ||
| 041 | 0 | |a slo | |
| 044 | |a SK | ||
| 245 | 1 | 0 | |a Konsolidovaná účtovná závierka I |b praktikum |c Renáta Hornická ; recenzenti prvého vydania: Richard Farkaš, Martina Podmanická |
| 250 | |a 2. upravené vydanie | ||
| 264 | 1 | |a Bratislava |b Vydavateľstvo EKONÓM |c 2023 | |
| 300 | |a 149 s. [6,5 AH] | ||
| 610 | 2 | 0 | |a závierka účtovná konsolidovaná |
| 610 | 2 | 0 | |a konsolidácia |
| 610 | 2 | 0 | |a kombinácie podnikové |
| 610 | 2 | 0 | |a aktíva |
| 610 | 2 | 0 | |a pasíva |
| 610 | 2 | 0 | |a goodwill |
| 610 | 2 | 0 | |a podnik dcérsky |
| 610 | 2 | 0 | |a IFRS |
| 100 | 1 | |a Hornická, Renáta, 1977- | |
| 700 | 1 | |a Farkaš, Richard | |
| 700 | 1 | |a Podmanická, Martina, 1977- | |
| 710 | 2 | |a Ekonomická univerzita v Bratislave. Fakulta hospodárskej informatiky | |